L'entourage de Simba dans Le Roi Lion - Statistiques

Statistiques générales
  • Ce quiz a été pris 95 fois
  • Le résultat moyen est 8 sur 10
Statistiques - réponses
Lien avec Simba Personnage % Correct
Epouse Nala
99%
Père Mufasa
95%
Oncle Scar
95%
Meilleur ami Timon
88%
Conseiller Zazu
76%
Mère Sarabi
69%
Fille Kiara
66%
Conseiller Rafiki
64%
Meilleur ami Pumbaa
61%
Gendre Kovu
59%
Aucun quiz correspondant
Distribution des résultats
% des personnes avec chaque résultat
Percentile par nombre de réponses
Votre historique - résultats
Vous n’avez pas pris ce quiz